000 00532nam a2200181 4500
001 26381
005 20230410115508.0
008 060907n1995 dr spa
020 _a0292730926
035 _9funglode26580
041 _aEN
050 1 4 _aHD 9574 H177o 1995
100 _aHall, Linda B.
245 1 _aOil, banks, and politics :
_bthe United States and postrevolutionary Mexico, 1917-1924 /
_cLinda B. Hall.
260 _aAustin :
_bUniversity of Texas Press,
_c1995
300 _ax, 224 p.
942 _2lcc
_cbk
999 _c42331
_d42331